000 00462nam a2200121Ia 4500
008 231129s9999||||xx |||||||||||||| ||spa||
020 _a978-958-18-0444-3
082 _a303.6609861 M578a
100 _aMesa de Conversaciones
245 0 _aAcuerdo final para la terminación del conflicto y la construcción de una paz estable y duradera
264 _aBogotá Colombia : Oficina del Alto Comisionado para la Paz
942 _2ddc
_cBKS
999 _c4516
_d4516